My life with Toyota
Gardado en:
| Autor Principal: | |
|---|---|
| Formato: | Libro |
| Idioma: | Undetermined |
| Publicado: |
Tokyo
Toyota Motor sales Company
1976
|
| Những chủ đề: | |
| Các nhãn: |
Engadir etiqueta
Sen Etiquetas, Sexa o primeiro en etiquetar este rexistro!
|
| Thư viện lưu trữ: | Trung tâm Học liệu Trường Đại học Cần Thơ |
|---|
| LEADER | 00530nam a2200205Ia 4500 | ||
|---|---|---|---|
| 001 | CTU_111903 | ||
| 008 | 210402s9999 xx 000 0 und d | ||
| 082 | |a 338.76292 | ||
| 082 | |b K15 | ||
| 100 | |a Shotaro, Kamiya | ||
| 245 | 0 | |a My life with Toyota | |
| 245 | 0 | |c Shotaro Kamiya | |
| 260 | |a Tokyo | ||
| 260 | |b Toyota Motor sales Company | ||
| 260 | |c 1976 | ||
| 650 | |a Automobile industry and trade | ||
| 650 | |x History | ||
| 650 | |z Japan | ||
| 904 | |i Năm | ||
| 980 | |a Trung tâm Học liệu Trường Đại học Cần Thơ | ||